000 00727nam a22002417a 4500
003 OSt
005 20210423060435.0
008 210222s2011 ||||| |||| 00| 0 eng d
020 _a1935707167
020 _a9781935707165
020 _a9780974806983 (eISBN)
040 _aeng
_beng
_cDLC
041 _aeng
080 _a37
_bD-99
100 _91056
_aDziura, Jennifer
245 _aFoundations of GMAT Verbal: GMAT Strategy Supplement
_b: 8 Guide Instructional Series
_c/ by: Graduate Management Admission Council
260 _aNew York
_bGraduate Management Admission Council
_c2011
300 _a311 p.
_bill.
365 _b24 usd
650 0 _9318
_aEducation
653 _aგანათლება
942 _2udc
_cBK
999 _c1640
_d1640